000 00765nam a22002297a 4500
003 NUST-PNEC
005 20170116181043.0
008 140517b xxu||||| |||| 00| 0 eng d
020 _a9788131727003
020 _a0135026490
040 _cPNEC
082 _a621.3815 BOY
100 _944
_aBoylestad, Robert L.
245 _aElectronic devices and circuit theory
_cRobert L. Boylestad
250 _a10th ed.
260 _aNew Dehli
_bDorling Kindersley by Pearson Education
_cc.2009
300 _axv, 892 p. :
_bill.:
_c25 cm.
500 _aIncludes Index
650 _xEE, EL
856 _uhttp://www.amazon.com/Electronic-Devices-Circuit-Theory-10th/dp/8131727009/ref=sr_1_1?s=books&ie=UTF8&qid=1423057673&sr=1-1&keywords=9788131727003
942 _2ddc
_cBK
999 _c68156
_d68156